Strategy : (Record no. 125866)

MARC details
000 -LEADER
fixed length control field 00812nam a2200253 a 4500
008 - FIXED-LENGTH DATA ELEMENTS--GENERAL INFORMATION
fixed length control field
020 ## - INTERNATIONAL STANDARD BOOK NUMBER
International Standard Book Number 9780702171956 (pbk.)
049 ## - LOCAL HOLDINGS (OCLC)
Holding library MAIN
090 ## - LOCALLY ASSIGNED LC-TYPE CALL NUMBER (OCLC); LOCAL CALL NUMBER (RLIN)
Classification number (OCLC) (R) ; Classification number, CALL (RLIN) (NR) HD30.28
Local cutter number (OCLC) ; Book number/undivided call number, CALL (RLIN) STR
003 - CONTROL NUMBER IDENTIFIER
control field
005 - DATE AND TIME OF LATEST TRANSACTION
control field 20230123122004.0
040 ## - CATALOGING SOURCE
Transcribing agency NUST
245 10 - TITLE STATEMENT
Title Strategy :
Remainder of title sustaining competitive advantage in a globalised context /
Statement of responsibility, etc. edited by Geoff Goldman and Cecile Nieuwenhuizen.
260 ## - PUBLICATION, DISTRIBUTION, ETC.
Place of publication, distribution, etc. Capetown :
Name of publisher, distributor, etc. Juta & Co. Ltd,
Date of publication, distribution, etc. 2006.
300 ## - PHYSICAL DESCRIPTION
Extent xii, 180 p. :
Other physical details ill. ;
Dimensions 25 cm.
440 ## - SERIES STATEMENT/ADDED ENTRY--TITLE
Title Entreprenuership series.
500 ## - GENERAL NOTE
General note Includes index.
504 ## - BIBLIOGRAPHY, ETC. NOTE
Bibliography, etc. note Includes bibliographical references.
650 #1 - SUBJECT ADDED ENTRY--TOPICAL TERM
Topical term or geographic name entry element Entreprenuership.
700 ## - ADDED ENTRY--PERSONAL NAME
Personal name Goldman, Geoff.
700 ## - ADDED ENTRY--PERSONAL NAME
Personal name Nieuwenhuizen, Cecile.
907 ## - LOCAL DATA ELEMENT G, LDG (RLIN)
a .b10328531
b 22-03-13
c 11-03-13
942 ## - ADDED ENTRY ELEMENTS (KOHA)
Koha item type Ordinary Loan Books
Call number prefix HD30.28
Call number suffix STR
Holdings
Date last seen Total Checkouts Full call number Barcode Cost, replacement price Price effective from Koha item type Lost status Source of classification or shelving scheme Damaged status Not for loan Collection Withdrawn status Home library Current library Shelving location Date acquired Cost, normal purchase price
01/23/2023 1 HD30.28 STR 92004032953 80.00 01/23/2023 BOOKS   LCC     NFIC   MAIN MAIN GEN 01/23/2023 80.00